| 000 | 01732nam a22002417a 4500 | ||
|---|---|---|---|
| 003 | Uzh_bibl | ||
| 008 | 260409b |||||||| |||| 00| 0 ukr d | ||
| 020 |
_a978-8-986552-9-0 _c250.00 |
||
| 040 | _bукр. | ||
| 041 |
_2ukr _aukr |
||
| 080 | _a94(477) | ||
| 090 |
_a94(477) _bК 71 |
||
| 100 | _aКоровайний,Сергій | ||
| 245 |
_aДонбас,край пекла та любові _hАльбом |
||
| 260 |
_aКиїв _bPublish Pro _c2025 |
||
| 300 |
_a168 с. _bфото. _fВ опр. |
||
| 520 | _aУ межах ініціативи FotoEvidence Ukraine Українська асоціація професійних фотографів (UAPP) видала фотокнигу Сергія Коровайного «Донбас, край пекла та любові» — особисту історію про дім, якого більше немає, і про любов до землі, яку неможливо викреслити з пам’яті. Сергій — родом із Харцизька. У цій книжці він переосмислює, що означає втратити рідне місце — і як продовжувати любити його, навіть коли воно окуповане й зруйноване. Видання охоплює 2000–2025 роки, показуючи Донбас як тривалий щоденний досвід: про пам’ять, травму, людяність і регіон, який змінився назавжди. | ||
| 521 | _aДля широкого кола читачів | ||
| 546 | _aукр. | ||
| 650 | _aПопулярне видання | ||
| 655 | _aФотоальбом | ||
| 942 |
_2udc _cBK |
||
| 999 |
_c17302 _d17302 |
||